Culture générale #01 - Statistiques

Statistiques générales
  • Ce quiz a été pris 84 fois
  • Le résultat moyen est 6 sur 15
Statistiques - réponses
Questions Réponses % Correct
Qui a peint "La Nuit étoilée" ? Vincent van Gogh
89%
Quelle année les femmes ont-elles obtenu le droit de vote en France ? 1944
85%
Quel est le nom du premier film d'animation à long-métrage produit par Walt Disney ? Blanche-Neige
74%
Dans quel pays se situe le Mont Kilimandjaro, le plus haut sommet d'Afrique ? Tanzanie
64%
Quel est le plus grand lac d'Afrique ? Victoria
61%
Quel joueur a été désigné meilleur joueur de l'histoire de Manchester United par ses fans ? Eric Cantona
35%
Quel groupe britannique a enregistré "Stairway to Heaven" ? Led Zeppelin
34%
Dans quel film trouve-t-on le personnage de "Vincent Vega" ? Pulp Fiction
32%
Quel est le nom du processus par lequel une cellule se divise pour produire deux cellules filles identiques, en biologie cellulaire ? La mitose
27%
Quel est le nom du premier roman de science-fiction moderne, écrit par Mary Shelley ? Frankenstein
24%
Quel est le nom du célèbre chat d’Internet devenu viral pour son expression faciale inexpressive ? Grumpy Cat
14%
Quel est le nom de l’actuel secrétaire général de l'ONU ? António Guterres
12%
Quel est la nation d’origine du curling ? Écosse
9%
Quel athlète détient le record du monde du saut en hauteur avec 2,45 mètres, établi en 1993 ? Javier Sotomayor
8%
Quel était le métier d'Alfred P. Southwick, l'inventeur de la chaise électrique ? Dentiste
7%
Aucun quiz correspondant
Distribution des résultats
% des personnes avec chaque résultat
Percentile par nombre de réponses
Votre historique - résultats
Vous n’avez pas pris ce quiz